Music Quiz

Random Music Quiz

MTV VMA Performers of the 90s Quiz Stats

Quiz not verified by Sporcle

Challenge
Share
Tweet
Score 0/112 Timer 10:00
0 Plays Today
year artist % Correct
1992Michael Jackson
96.5%
1995Michael Jackson
96.5%
1990Madonna
96.3%
1993Madonna
96.3%
1998Madonna
96.3%
1999Kid Rock f. Aerosmith & Run DMC
96.3%
1990Aerosmith
94.8%
1993Aerosmith
94.8%
1994Aerosmith
94.8%
1995TLC
94.1%
1999TLC
94.1%
1990MC Hammer
93.1%
1998Backstreet Boys
92.8%
1999Backstreet Boys
92.8%
1999N'SYNC & Britney Spears
92.8%
1999Eminem, Dr. Dre & Snoop Dogg
92.6%
1990Janet Jackson
91.6%
1993Janet Jackson
91.6%
1997Puff Daddy & the Family with 112, Faith Evans and Sting
90.9%
1997The Wallflowers with Bruce Springsteen
90.1%
1993Pearl Jam with Neil Young
89.9%
1991Metallica
89.6%
1996Metallica
89.6%
1992Nirvana
89.4%
1999Ricky Martin
89.1%
1992Pearl Jam
88.9%
1992Guns N' Roses with Elton John
88.6%
1993R.E.M.
88.1%
1995R.E.M.
88.1%
1991Guns N' Roses
87.7%
1990Sinead O'Connor
86.7%
1994Bruce Springsteen
85.9%
1991LL Cool J
85.7%
1994Beastie Boys
85.7%
1996LL Cool J
85.7%
1998Beastie Boys
85.7%
1995Alanis Morissette
84.9%
1996Alanis Morissette
84.9%
year artist % Correct
1999Amil & Jay-Z
83%
1992Eric Clapton
82.5%
1996The Fugees f. Nas
82.2%
1996Oasis
81%
1994Salt-n-Pepa
80.7%
1993Lenny Kravitz
79.5%
1990Phil Collins
78.8%
1998Brandy & Monica
78.8%
1997Marilyn Manson
76.8%
1998Marilyn Manson
76.8%
1995Hole
75.3%
1998Hole
75.3%
1994Smashing Pumpkins
74.6%
1996The Smashing Pumpkins
74.6%
1994The Rolling Stones
73.8%
1994Boyz II Men
72.1%
1996KISS
71.9%
1992En Vogue
71.1%
1994Tom Petty & the Heartbreakers
70.6%
1992Red Hot Chili Peppers
70.4%
1995Red Hot Chili Peppers
70.4%
1991C+C Music Factory
69.9%
1992U2
69.9%
1993The Edge
69.9%
1997U2
69.9%
1991Mariah Carey
69.4%
1995Hootie & The Blowfish
69.1%
1996Hootie & The Blowfish
69.1%
1993Spin Doctors
68.9%
1991EMF
66.7%
1999Fatboy Slim
64%
1994Snoop Dogg
63.5%
1991Poison
62.7%
1993Sting
62%
1998Pras f. Mya, Ol' Dirty Bastard, Wyclef Jean
60.7%
1999Lauryn Hill
60.7%
1990Faith No More
60.5%
1993Soul Asylum with Peter Buck & Victoria Williams
60.2%
year artist % Correct
1995Live
59%
1996Bone Thugs-N-Harmony
59%
1997Jamiroquai
56%
1991Prince & The New Power Generation
55.3%
1996Bush
54.8%
1993Naughty By Nature
54.6%
1990INXS
52.8%
1997The Spice Girls
48.9%
1997Beck
48.4%
1995White Zombie
48.1%
1991Queensryche
45.7%
1992Def Leppard
45.4%
1996Neil Young
43%
1990New Edition with Bobby Brown
42%
1998The Brian Setzer Orchestra
41%
1999Nine Inch Nails
40%
1998Master P
39.3%
1991Van Halen
38.3%
1991Paula Abdul
38.3%
19902 Live Crew
38%
1992Elton John
37.3%
1992The Black Crowes
37%
1990Motley Crue
35.3%
1996The Cranberries
31.6%
1991Don Henley
28.4%
1997The Prodigy
27.4%
1995Bon Jovi
25.7%
1992Bryan Adams
24.9%
1994Green Day
22.5%
1995Green Day
22.5%
1994Stone Temple Pilots
22.2%
1998Dave Matthews Band
21.7%
1997Angie Martinez, Da Brat, Left Eye, Lil Kim and Missy Elliott
19.8%
1997Jewel
13.3%
1990World Party
5.9%
1994Alexandrov Red Army Ensemble & Leningrad Cowboys
2.2%

You're not logged in!

Compare scores with friends on all Sporcle quizzes.
Join for Free
OR
Log In

You Might Also Like...

Show Comments

Extras

Top Quizzes Today


Score Distribution

Your Account Isn't Verified!

In order to create a playlist on Sporcle, you need to verify the email address you used during registration. Go to your Sporcle Settings to finish the process.

Report this User

Report this user for behavior that violates our Community Guidelines.

Details: